000 00303nam a2200121Ia 4500
008 190216s9999||||xx |||||||||||||| ||und||
100 _aPunathil Kunhabdulla
245 0 _aDukhitharku Oru Poomaram
260 _bPoorna Pubs Kozhikode
_c1981
300 _a156p[
650 _aMalayalam Novel
942 _cBK
999 _c25464
_d25464